[Event "41st Olympiad Open 2014"]
[Site "Tromso NOR"]
[Date "2014.08.02"]
[Round "1.1"]
[White "Ferster, Fabian"]
[Black "Mareco, Sandro"]
[Result "0-1"]
[WhiteElo "2137"]
[BlackElo "2574"]
[PlyCount "68"]
[EventDate "2014.08.02"]

1. c4 e5 2. Nf3 Nc6 3. Nc3 Nf6 4. g3 Bb4 5. Bg2 d6 6. O-O O-O 7. d3 h6 8. Bd2
a5 9. a3 Bc5 10. Na4 Ba7 11. b4 e4 12. dxe4 Nxe4 13. b5 Ne7 14. b6 cxb6 15. Bf4
Re8 16. Nd4 Ng6 17. Be3 Bd7 18. Nb5 Bxb5 19. cxb5 d5 20. Qb3 Ne5 21. Rfd1 Nc4
22. Bf4 Rc8 23. Bh3 Nc5 24. Nxc5 Rxc5 25. Qf3 Qf6 26. Rac1 g5 27. Rxd5 Ne5 28.
Qe4 Rxd5 29. Qxd5 gxf4 30. Qxb7 f3 31. e3 Qe7 32. Rc7 Qd6 33. Qxa7 Qd1+ 34. Bf1
Rd8 0-1

[Event "41st Olympiad Open 2014"]
[Site "Tromso NOR"]
[Date "2014.08.02"]
[Round "1.2"]
[White "Felgaer, Ruben"]
[Black "Kobler, Mario"]
[Result "1-0"]
[WhiteElo "2564"]
[BlackElo "2113"]
[PlyCount "63"]
[EventDate "2014.08.02"]

1. e4 Nf6 2. e5 Nd5 3. d4 d6 4. c4 Nb6 5. exd6 exd6 6. Nc3 Be7 7. Be2 Nc6 8.
Nf3 Bg4 9. b3 Bf6 10. Be3 O-O 11. O-O Re8 12. Qd2 Bh5 13. h3 Bg6 14. Rac1 Ne7
15. g4 h6 16. h4 Nc6 17. g5 hxg5 18. hxg5 Be7 19. Nh4 Bh7 20. Bg4 Nb4 21. f4 c5
22. d5 Nc2 23. Rxc2 Bxc2 24. Qxc2 Bxg5 25. Nf5 Bf6 26. Ne4 Nc8 27. Bc1 Rxe4 28.
Qxe4 g6 29. Ne3 Bd4 30. Kg2 Kg7 31. f5 Ne7 32. f6+ 1-0

[Event "41st Olympiad Open 2014"]
[Site "Tromso NOR"]
[Date "2014.08.02"]
[Round "1.3"]
[White "Mannhart, Marcel"]
[Black "Flores, Diego"]
[Result "0-1"]
[WhiteElo "2105"]
[BlackElo "2562"]
[PlyCount "148"]
[EventDate "2014.08.02"]

1. Nc3 c5 2. e4 Nc6 3. f4 g6 4. Nf3 Bg7 5. Bb5 Nd4 6. O-O a6 7. Bd3 d6 8. Nxd4
cxd4 9. Ne2 Nf6 10. c3 dxc3 11. dxc3 O-O 12. Qe1 b5 13. f5 Bb7 14. Ng3 Rc8 15.
Qe2 Nd7 16. Bg5 Bf6 17. Bxf6 Nxf6 18. Kh1 Rc5 19. a4 Re5 20. Qc2 Kg7 21. axb5
axb5 22. Rae1 h5 23. Rf4 g5 24. Rf3 Rg8 25. Rfe3 Qb6 26. Qe2 Rh8 27. Nf1 g4 28.
Nd2 d5 29. exd5 Rxe3 30. Qxe3 Qxe3 31. Rxe3 Nxd5 32. Re1 Rd8 33. Be4 Nf4 34.
Bxb7 Rxd2 35. Rb1 h4 36. Bc6 Kf6 37. g3 hxg3 38. hxg3 Ne2 39. Bxb5 Nxg3+ 40.
Kg1 Nxf5 41. b4 Rc2 42. Ba6 Nh4 43. Bb7 Nf3+ 44. Bxf3 gxf3 45. b5 Rxc3 46. b6
Rc8 47. Kf2 Ke5 48. Kxf3 Rb8 49. b7 Kd5 50. Kg4 Kc6 51. Rf1 f6 52. Rc1+ Kxb7
53. Kf5 Rc8 54. Re1 Rc5+ 55. Ke6 Kc7 56. Re2 Kd8 57. Kf7 Re5 58. Rd2+ Kc7 59.
Kg6 Kc6 60. Rd1 Rd5 61. Re1 Kd6 62. Kf7 Re5 63. Rd1+ Kc5 64. Kg6 f5 65. Kg5 e6
66. Kf4 Re4+ 67. Kf3 Rd4 68. Ra1 Kd6 69. Ra5 e5 70. Ra6+ Kd5 71. Ra5+ Ke6 72.
Ra6+ Rd6 73. Ra8 Rd3+ 74. Ke2 e4 0-1

[Event "41st Olympiad Open 2014"]
[Site "Tromso NOR"]
[Date "2014.08.02"]
[Round "1.4"]
[White "Perez Ponsa, Federico"]
[Black "Frick, Renato"]
[Result "1-0"]
[WhiteElo "2541"]
[BlackElo "2057"]
[PlyCount "49"]
[EventDate "2014.08.02"]

1. d4 Nf6 2. c4 g6 3. Nc3 d5 4. cxd5 Nxd5 5. e4 Nxc3 6. bxc3 Bg7 7. Nf3 c5 8.
Rb1 O-O 9. Be2 cxd4 10. cxd4 Qa5+ 11. Bd2 Qxa2 12. O-O Bg4 13. Bg5 Nc6 14. d5
Bxf3 15. Bxf3 Ne5 16. Bxe7 Rfe8 17. Rxb7 Qa6 18. Rc7 Rab8 19. Be2 Qb6 20. d6
Bf8 21. Qd5 Bg7 22. Rfc1 Qb2 23. Bf1 Ng4 24. Qxf7+ Kh8 25. d7 1-0

[Event "41st Olympiad Open 2014"]
[Site "Tromso NOR"]
[Date "2014.08.03"]
[Round "2.1"]
[White "Vallejo Pons, Francisco"]
[Black "Peralta, Fernando"]
[Result "1/2-1/2"]
[WhiteElo "2698"]
[BlackElo "2574"]
[PlyCount "74"]
[EventDate "2014.08.02"]

1. Nf3 d5 2. d4 Nf6 3. c4 e6 4. Bg5 Bb4+ 5. Nc3 Nbd7 6. cxd5 exd5 7. e3 c5 8.
dxc5 Qa5 9. Rc1 Bxc3+ 10. bxc3 O-O 11. Nd4 h6 12. Bh4 Ne4 13. Be2 Re8 14. O-O
Nxc3 15. Qd2 Nxe2+ 16. Qxe2 Nxc5 17. Qb5 Qxb5 18. Nxb5 Re4 19. Nc7 Rb8 20. Rxc5
Rxh4 21. Rxd5 Be6 22. Nxe6 fxe6 23. Ra5 a6 24. f4 Rg4 25. Rb1 Rc8 26. Rxb7 Rc1+
27. Kf2 Rc2+ 28. Kf3 Rgxg2 29. Rxa6 Rxa2 30. Rxe6 Rgf2+ 31. Ke4 Ra4+ 32. Kf5
Ra5+ 33. Kg4 Rxh2 34. f5 h5+ 35. Kg3 Raa2 36. e4 Raf2 37. Re8+ Kh7 1/2-1/2

[Event "41st Olympiad Open 2014"]
[Site "Tromso NOR"]
[Date "2014.08.03"]
[Round "2.2"]
[White "Felgaer, Ruben"]
[Black "Anton Guijarro, David"]
[Result "0-1"]
[WhiteElo "2564"]
[BlackElo "2624"]
[PlyCount "148"]
[EventDate "2014.08.02"]

1. e4 g6 2. d4 Bg7 3. f4 d5 4. e5 c5 5. c3 Nc6 6. Be3 cxd4 7. cxd4 Nh6 8. Nc3
O-O 9. Nf3 f6 10. Be2 Bg4 11. O-O Nf5 12. Bf2 e6 13. h3 Bxf3 14. Bxf3 fxe5 15.
fxe5 Qg5 16. Ne2 h5 17. Rc1 Rf7 18. Rc3 Bh6 19. Qa4 Raf8 20. Kh2 Qd2 21. Rc2
Qb4 22. Qxb4 Nxb4 23. Rc3 Nxa2 24. Rb3 Rc8 25. g4 hxg4 26. hxg4 Ne7 27. Ra1 Nc1
28. Nxc1 Bxc1 29. Rxa7 Rc2 30. Kg1 Nc6 31. Raxb7 Rxb7 32. Rxb7 Bxb2 33. g5 Nxd4
34. Rb8+ Kf7 35. Rb7+ Kf8 36. Rb8+ Ke7 37. Rb7+ Ke8 38. Bg4 Nf5 39. Bxf5 exf5
40. e6 Be5 41. Rd7 Rc6 42. Rxd5 Rxe6 43. Be3 Bg3 44. Rd3 Re4 45. Ra3 Bf4 46.
Ra8+ Kd7 47. Ra7+ Kc8 48. Bxf4 Rxf4 49. Kg2 Rg4+ 50. Kf3 Rxg5 51. Kf4 Rg4+ 52.
Ke5 f4 53. Ke4 g5 54. Kf3 Rg3+ 55. Kf2 Kd8 56. Rg7 Ke8 57. Ra7 Kf8 58. Rb7 g4
59. Rb4 Rf3+ 60. Kg2 Kf7 61. Ra4 Kf6 62. Ra6+ Kg5 63. Ra8 Re3 64. Rg8+ Kf5 65.
Rf8+ Ke4 66. Re8+ Kd3 67. Rf8 f3+ 68. Kf1 Re4 69. Kf2 Re2+ 70. Kf1 Ra2 71. Re8
g3 72. Rd8+ Ke4 73. Re8+ Kd5 74. Rd8+ Ke5 0-1

[Event "41st Olympiad Open 2014"]
[Site "Tromso NOR"]
[Date "2014.08.03"]
[Round "2.3"]
[White "Salgado Lopez, Ivan"]
[Black "Flores, Diego"]
[Result "1/2-1/2"]
[WhiteElo "2620"]
[BlackElo "2562"]
[PlyCount "113"]
[EventDate "2014.08.02"]

1. e4 d6 2. d4 Nf6 3. Nd2 g6 4. Ngf3 Bg7 5. Bd3 O-O 6. O-O c5 7. c3 cxd4 8.
cxd4 Nc6 9. h3 Nd7 10. Nb3 a5 11. Be3 a4 12. Nbd2 a3 13. bxa3 Rxa3 14. Nc4 Ra8
15. a4 Nb4 16. Be2 d5 17. Qb3 Nc6 18. exd5 Na5 19. Nxa5 Rxa5 20. Bd2 Ra8 21. a5
Nf6 22. Bc4 Ne4 23. Bb4 Nd6 24. Bd3 Re8 25. Rfe1 Nf5 26. Bc5 Rxa5 27. Rac1 Ra8
28. Ne5 Qa5 29. Nc4 Qa2 30. Qxa2 Rxa2 31. Bxf5 Bxf5 32. Nd6 Rd8 33. Nxf5 gxf5
34. Bxe7 Rda8 35. d6 Bxd4 36. Bh4 f6 37. d7 Kf7 38. Rc8 Bb6 39. Bg3 Ra1 40.
Rxa1 Rxa1+ 41. Kh2 Rd1 42. Bc7 Bxc7+ 43. Rxc7 Kg6 44. Rxb7 f4 45. g4 fxg3+ 46.
Kxg3 Kf5 47. Kf3 Ke6 48. Kg4 Rd5 49. h4 h5+ 50. Kf4 Ke7 51. f3 Rd4+ 52. Kf5
Rxh4 53. f4 Rh1 54. d8=Q+ Kxd8 55. Kxf6 h4 56. f5 h3 57. Rh7 1/2-1/2

[Event "41st Olympiad Open 2014"]
[Site "Tromso NOR"]
[Date "2014.08.03"]
[Round "2.4"]
[White "Perez Ponsa, Federico"]
[Black "Illescas Cordoba, Miguel"]
[Result "1/2-1/2"]
[WhiteElo "2541"]
[BlackElo "2618"]
[PlyCount "67"]
[EventDate "2014.08.02"]

1. d4 Nf6 2. c4 e6 3. Nf3 d5 4. g3 Bb4+ 5. Bd2 Be7 6. Bg2 c6 7. Qc2 O-O 8. O-O
b6 9. Rd1 Nbd7 10. Bf4 Bb7 11. Ne5 Nh5 12. Bd2 Nhf6 13. cxd5 cxd5 14. Nc6 Bxc6
15. Qxc6 Rc8 16. Qb5 Ne8 17. Qd3 Nd6 18. b3 Nb8 19. Nc3 Nc6 20. e3 Qd7 21. Ne2
Rc7 22. Rac1 Rfc8 23. Be1 g6 24. Bc3 a5 25. a4 Nb4 26. Bxb4 axb4 27. Qd2 Nb7
28. Rxc7 Rxc7 29. Rc1 Rxc1+ 30. Qxc1 Na5 31. Qc2 b5 32. axb5 Qxb5 33. Bf1 Qc6
34. Qxc6 1/2-1/2

[Event "41st Olympiad Open 2014"]
[Site "Tromso NOR"]
[Date "2014.08.04"]
[Round "3.1"]
[White "Peralta, Fernando"]
[Black "Samhouri, Bilal"]
[Result "1-0"]
[WhiteElo "2574"]
[BlackElo "2256"]
[PlyCount "85"]
[EventDate "2014.08.02"]

1. d4 Nf6 2. c4 c5 3. d5 b5 4. cxb5 a6 5. bxa6 g6 6. Nc3 Bxa6 7. Nf3 d6 8. g3
Bg7 9. Bg2 O-O 10. O-O Nbd7 11. Rb1 Qa5 12. Bd2 Bb7 13. h3 Qa7 14. e4 Nb6 15.
Re1 Nc4 16. a4 Nxd2 17. Nxd2 Nd7 18. Qc2 Qa5 19. Bf1 Ba6 20. Nb5 Ne5 21. Kg2 g5
22. Nc4 Nxc4 23. Bxc4 Qb4 24. b3 Bxb5 25. Bxb5 Bc3 26. Rec1 Bd2 27. Rd1 Bc3 28.
Bc4 Kh8 29. Qe2 Rg8 30. Rbc1 Be5 31. Rc2 Bf6 32. Rd3 Ra7 33. Rf3 Qa5 34. e5
dxe5 35. d6 Qd8 36. Bxf7 Rf8 37. dxe7 Qxe7 38. Bd5 Rd8 39. Qe4 Rad7 40. Rd3 Rb8
41. Qf5 Rc7 42. Be4 Kg8 43. Rcd2 1-0

[Event "41st Olympiad Open 2014"]
[Site "Tromso NOR"]
[Date "2014.08.04"]
[Round "3.2"]
[White "Mansour, Sameer"]
[Black "Mareco, Sandro"]
[Result "0-1"]
[WhiteElo "2249"]
[BlackElo "2574"]
[PlyCount "62"]
[EventDate "2014.08.02"]

1. Nf3 Nf6 2. c4 e6 3. g3 d5 4. Bg2 dxc4 5. Qc2 Nbd7 6. Na3 c5 7. Nxc4 Nd5 8.
O-O b5 9. Nce5 Nxe5 10. Nxe5 Bd6 11. Nf3 Bb7 12. b3 O-O 13. Bb2 Re8 14. Rac1 e5
15. d3 f6 16. Qb1 Qb6 17. Nd2 Bf8 18. e4 Nb4 19. a3 Nc6 20. Rfe1 Rad8 21. Nf1
Na5 22. Bc3 b4 23. axb4 cxb4 24. Ba1 Ba6 25. Rc4 Bxc4 26. dxc4 Bc5 27. Re2 Rd6
28. Bb2 Red8 29. Bc1 Rd1 30. Qc2 Nxb3 31. Qxb3 Rxc1 0-1

[Event "41st Olympiad Open 2014"]
[Site "Tromso NOR"]
[Date "2014.08.04"]
[Round "3.3"]
[White "Felgaer, Ruben"]
[Black "Mohannad, Farhan"]
[Result "1-0"]
[WhiteElo "2564"]
[BlackElo "2321"]
[PlyCount "86"]
[EventDate "2014.08.02"]

1. e4 e6 2. d4 d5 3. Nd2 Ne7 4. c3 Ng6 5. Ngf3 Be7 6. g3 c5 7. Bg2 Nc6 8. exd5
exd5 9. dxc5 h5 10. Nb3 h4 11. Be3 h3 12. Bf1 Bg4 13. Be2 Qd7 14. Nfd4 Bxe2 15.
Qxe2 O-O 16. Qh5 Nce5 17. O-O Nc4 18. Nf5 Bf6 19. Qxh3 Rad8 20. Bd4 Bxd4 21.
cxd4 a5 22. Qg4 a4 23. Nc1 Rfe8 24. Nd3 Re4 25. Qg5 Nd2 26. f3 Re2 27. Nf4 Rde8
28. Nxe2 Rxe2 29. Rf2 Qe6 30. Rd1 Nc4 31. b3 Nb2 32. Rdf1 Rxf2 33. Rxf2 Nd3 34.
Rf1 a3 35. h4 Qe2 36. Qe3 Qxe3+ 37. Nxe3 Nb4 38. Rf2 Ne7 39. Nc2 Nxc2 40. Rxc2
Nc6 41. Rd2 f5 42. Kf2 Kf7 43. Ke3 Kf6 1-0

[Event "41st Olympiad Open 2014"]
[Site "Tromso NOR"]
[Date "2014.08.04"]
[Round "3.4"]
[White "Khader, Sami"]
[Black "Perez Ponsa, Federico"]
[Result "1/2-1/2"]
[WhiteElo "2352"]
[BlackElo "2541"]
[PlyCount "79"]
[EventDate "2014.08.02"]

1. e4 c5 2. c3 d5 3. exd5 Qxd5 4. d4 Nf6 5. Nf3 Bg4 6. dxc5 Qxc5 7. h3 Bf5 8.
Be3 Qc7 9. Na3 a6 10. Qa4+ Nbd7 11. Bf4 Qc8 12. Nc4 b5 13. Qa5 Be4 14. Ncd2 Bb7
15. c4 e6 16. Be2 bxc4 17. Nxc4 Bxf3 18. gxf3 Qc5 19. a3 Nd5 20. Bd2 Qxa5 21.
Nxa5 Bd6 22. Rg1 Be5 23. Nc4 Bf6 24. Rc1 O-O 25. b4 Rfc8 26. Bd3 Ne5 27. Nxe5
Rxc1+ 28. Bxc1 Bxe5 29. Rg4 a5 30. b5 Rd8 31. Bd2 h5 32. Rc4 Nb6 33. Bxa5 Rxd3
34. Bxb6 Rxa3 35. Be3 Rb3 36. Rc8+ Kh7 37. b6 Bc3+ 38. Kd1 Ba5 39. Kc2 Rxb6 40.
Bxb6 1/2-1/2

[Event "41st Olympiad Open 2014"]
[Site "Tromso NOR"]
[Date "2014.08.06"]
[Round "5.2"]
[White "Mareco, Sandro"]
[Black "Bacrot, Etienne"]
[Result "1/2-1/2"]
[WhiteElo "2574"]
[BlackElo "2720"]
[PlyCount "180"]
[EventDate "2014.08.02"]

1. c4 e5 2. Nc3 Nf6 3. Nf3 Nc6 4. g3 g6 5. Bg2 Bg7 6. d4 exd4 7. Nxd4 O-O 8.
Bf4 Re8 9. Nxc6 bxc6 10. Qd2 Ba6 11. b3 d5 12. O-O Qe7 13. Rac1 Rad8 14. cxd5
cxd5 15. Rfe1 c6 16. Na4 Ne4 17. Qa5 Bb5 18. Bxe4 dxe4 19. Nc3 Bd4 20. Nxb5 Bb6
21. Qa3 cxb5 22. Qxe7 Rxe7 23. Bg5 f6 24. Bxf6 Bxf2+ 25. Kxf2 Rf7 26. Rc6 Rdf8
27. Ke3 Rxf6 28. Rxf6 Rxf6 29. Rc1 a6 30. Rc7 Re6 31. h4 h5 32. b4 Kf8 33. a3
Ke8 34. Rg7 Kf8 35. Rd7 Ke8 36. Rd4 Kf7 37. Rxe4 Rc6 38. Rd4 Rc3+ 39. Rd3 Rc4
40. Kf3 a5 41. bxa5 Ra4 42. e4 Rxa5 43. Kf4 Ke6 44. Re3 Kf7 45. Rc3 Ke6 46.
Rc6+ Kf7 47. Rc3 Ke6 48. Re3 Kf7 49. Rd3 Ke6 50. Rd5 Rxa3 51. Rxb5 Kf6 52. Rb6+
Kf7 53. Rb1 Kf6 54. Re1 Ra5 55. Re3 Rb5 56. Ra3 Ke6 57. Ra6+ Kf7 58. Ra7+ Ke6
59. Ra3 Kf6 60. Rd3 Ke6 61. Rd5 Rb3 62. Rc5 Ra3 63. Rc1 Rb3 64. Rf1 Rb5 65. Rf3
Ra5 66. Rb3 Kf6 67. Rb6+ Kf7 68. e5 Ra4+ 69. Kg5 Rg4+ 70. Kh6 Rxg3 71. Rf6+ Ke7
72. Rxg6 Rg4 73. Kxh5 Re4 74. Rg5 Ke6 75. Rg4 Rxe5+ 76. Kg6 Ke7 77. Kg7 Rf5 78.
Re4+ Kd6 79. Kg6 Rf1 80. h5 Rg1+ 81. Kf6 Rf1+ 82. Kg7 Rg1+ 83. Kh7 Kd7 84. h6
Rg2 85. Re5 Rg3 86. Re1 Rg2 87. Ra1 Ke7 88. Ra7+ Kf8 89. Rg7 Rf2 90. Rg5 Kf7
1/2-1/2

[Event "41st Olympiad Open 2014"]
[Site "Tromso NOR"]
[Date "2014.08.06"]
[Round "5.3"]
[White "Edouard, Romain"]
[Black "Flores, Diego"]
[Result "1-0"]
[WhiteElo "2680"]
[BlackElo "2562"]
[PlyCount "107"]
[EventDate "2014.08.02"]

1. d4 Nf6 2. c4 g6 3. g3 Bg7 4. Bg2 O-O 5. Nc3 d6 6. Nf3 Nbd7 7. O-O e5 8. b3
Re8 9. e4 c6 10. Be3 Ng4 11. Bg5 Qa5 12. Bd2 Qd8 13. d5 c5 14. Nh4 h5 15. f3
Ngf6 16. Bh3 Nh7 17. Kh1 Bf6 18. Qe1 a6 19. a4 Bg5 20. Bxg5 Nxg5 21. Bg2 Nf6
22. f4 exf4 23. gxf4 Ngxe4 24. Bxe4 Nxe4 25. Nxe4 Rxe4 26. Qxe4 Qxh4 27. Rg1
Kg7 28. a5 Bd7 29. Qf3 Bf5 30. Rae1 b5 31. axb6 Rb8 32. Re3 Rxb6 33. Re8 Rb7
34. Qc3+ f6 35. Qe3 Qh3 36. Qxh3 Bxh3 37. Rge1 Kf7 38. R1e3 g5 39. fxg5 fxg5
40. Rh8 Bf5 41. Rxh5 Bc2 42. Rhh3 g4 43. Rhg3 Kf6 44. Rxg4 Rxb3 45. Rxb3 Bxb3
46. Kg2 Kf5 47. h3 Bd1 48. Rh4 Kg5 49. Re4 a5 50. Kf2 a4 51. Ke3 a3 52. Re7 Bb3
53. Kd3 a2 54. Ra7 1-0

[Event "41st Olympiad Open 2014"]
[Site "Tromso NOR"]
[Date "2014.08.06"]
[Round "5.4"]
[White "Perez Ponsa, Federico"]
[Black "Tkachiev, Vladislav"]
[Result "0-1"]
[WhiteElo "2541"]
[BlackElo "2624"]
[PlyCount "62"]
[EventDate "2014.08.02"]

1. e4 e5 2. Nf3 Nc6 3. Bb5 a6 4. Ba4 Nf6 5. O-O Be7 6. Re1 b5 7. Bb3 d6 8. c3
O-O 9. d4 Bg4 10. Be3 Bh5 11. h3 exd4 12. cxd4 Na5 13. Bc2 Nc4 14. Qe2 Nd7 15.
Bc1 c5 16. b3 Ncb6 17. Bb2 Re8 18. Nbd2 Bf6 19. Nf1 cxd4 20. g4 Bg6 21. Bxd4
Bxd4 22. Nxd4 d5 23. Ng3 dxe4 24. Rad1 Nd5 25. Nc6 Qc7 26. Rxd5 Qxc6 27. Red1
Nc5 28. Nf5 Bxf5 29. Rxf5 g6 30. Rf4 Ne6 31. Rf6 Qc3 0-1

[Event "41st Olympiad Open 2014"]
[Site "Tromso NOR"]
[Date "2014.08.08"]
[Round "6.1"]
[White "Mareco, Sandro"]
[Black "Nedev, Trajko"]
[Result "1-0"]
[WhiteElo "2574"]
[BlackElo "2484"]
[PlyCount "81"]
[EventDate "2014.08.02"]

1. d4 Nf6 2. c4 g6 3. Nc3 Bg7 4. e4 d6 5. Be2 O-O 6. Nf3 e5 7. O-O Nc6 8. d5
Ne7 9. b4 Nh5 10. Re1 f5 11. Ng5 Nf6 12. Bf3 c6 13. dxc6 bxc6 14. exf5 gxf5 15.
b5 h6 16. Nh3 e4 17. Be2 d5 18. Be3 Ng4 19. Bd4 Qd6 20. g3 Bxd4 21. Qxd4 Qe5
22. Rad1 Qxd4 23. Rxd4 c5 24. Rdd1 d4 25. Na4 Ne5 26. Nxc5 d3 27. Nxd3 exd3 28.
Bh5 N5g6 29. Rxd3 f4 30. Nxf4 Nxf4 31. gxf4 Nf5 32. a4 Rb8 33. Bf3 a6 34. Re5
Kh8 35. Be4 Nh4 36. Rd6 Rxf4 37. Re7 Bh3 38. Rxh6+ Kg8 39. Bd5+ Kf8 40. Ra7
Rg4+ 41. Kh1 1-0

[Event "41st Olympiad Open 2014"]
[Site "Tromso NOR"]
[Date "2014.08.08"]
[Round "6.2"]
[White "Colovic, Aleksandar"]
[Black "Felgaer, Ruben"]
[Result "1/2-1/2"]
[WhiteElo "2487"]
[BlackElo "2564"]
[PlyCount "77"]
[EventDate "2014.08.02"]

1. d4 d5 2. c4 c6 3. cxd5 cxd5 4. Nc3 Nf6 5. Nf3 Nc6 6. Bf4 Bf5 7. e3 e6 8. Qb3
Bb4 9. Ne5 Qe7 10. Bb5 Rc8 11. Nxc6 bxc6 12. Ba6 Rd8 13. O-O O-O 14. Na4 Bd6
15. Bxd6 Qxd6 16. Qc3 Rfe8 17. f4 Ne4 18. Qa3 Qxa3 19. bxa3 Rb8 20. Rac1 Nd2
21. Rfd1 Rb1 22. Rxb1 Nxb1 23. Rc1 Nxa3 24. Rxc6 Nc2 25. Rc3 Nb4 26. Nc5 Nxa2
27. Rb3 h6 28. Kf2 Rd8 29. Ke1 Rd6 30. Kd2 Rb6 31. Rxb6 axb6 32. Nd7 Nb4 33.
Bb5 g5 34. g4 Be4 35. Kc3 Na2+ 36. Kb2 Nb4 37. Kc3 Na2+ 38. Kb2 Nb4 39. Kc3
1/2-1/2

[Event "41st Olympiad Open 2014"]
[Site "Tromso NOR"]
[Date "2014.08.08"]
[Round "6.3"]
[White "Flores, Diego"]
[Black "Pancevski, Filip"]
[Result "1-0"]
[WhiteElo "2562"]
[BlackElo "2464"]
[PlyCount "61"]
[EventDate "2014.08.02"]

1. c4 e5 2. Nc3 Nc6 3. e3 g6 4. g3 Bg7 5. Bg2 d6 6. Nge2 Be6 7. d4 exd4 8. Nxd4
Bd7 9. O-O Nge7 10. b3 O-O 11. Nde2 Qc8 12. Bb2 Bh3 13. Qd2 Ne5 14. Nf4 Bxg2
15. Kxg2 Nf5 16. e4 Ne7 17. Ncd5 Nxd5 18. Nxd5 Qd8 19. Rae1 Nd7 20. Bxg7 Kxg7
21. f4 f6 22. h4 Re8 23. h5 a5 24. e5 c6 25. exd6 cxd5 26. Rxe8 Qxe8 27. Re1
Qc8 28. Re7+ Kh6 29. hxg6 f5 30. Qd4 Nf8 31. Qf6 1-0

[Event "41st Olympiad Open 2014"]
[Site "Tromso NOR"]
[Date "2014.08.08"]
[Round "6.4"]
[White "Bogdanovski, Vlatko"]
[Black "Perez Ponsa, Federico"]
[Result "0-1"]
[WhiteElo "2426"]
[BlackElo "2541"]
[PlyCount "80"]
[EventDate "2014.08.02"]

1. d4 Nf6 2. Nf3 g6 3. Bg5 Bg7 4. Nbd2 O-O 5. e3 d6 6. c3 c5 7. Bd3 b6 8. O-O
Nc6 9. a3 Qc7 10. h3 e5 11. dxe5 dxe5 12. Qc2 Nh5 13. e4 Nd8 14. Rfe1 Ne6 15.
Bh4 Nef4 16. Bf1 h6 17. a4 Be6 18. Nc4 Kh8 19. Bg3 f5 20. Bxf4 Nxf4 21. Nh4 Qf7
22. b3 Qf6 23. g3 fxe4 24. Rxe4 Bd5 25. Rxf4 exf4 26. Nxg6+ Kg8 27. Nxf8 Rxf8
28. g4 Qxc3 29. Qxc3 Bxc3 30. Rd1 Bd4 31. Re1 Bf6 32. Bd3 Rd8 33. Bf1 Bf3 34.
Re6 Kf7 35. Rd6 Bd1 36. Rxd8 Bxd8 37. Nd2 Kf6 38. Bc4 Ke5 39. f3 Kd4 40. Kg2
Kc3 0-1

[Event "41st Olympiad Open 2014"]
[Site "Tromso NOR"]
[Date "2014.08.09"]
[Round "7.1"]
[White "Larrea, Manuel"]
[Black "Peralta, Fernando"]
[Result "0-1"]
[WhiteElo "2333"]
[BlackElo "2574"]
[PlyCount "206"]
[EventDate "2014.08.02"]

1. e4 c6 2. d4 d5 3. exd5 cxd5 4. c4 Nf6 5. Nc3 Nc6 6. Nf3 Be6 7. cxd5 Bxd5 8.
Bf4 g6 9. Nxd5 Nxd5 10. Be5 Qa5+ 11. Qd2 Qxd2+ 12. Nxd2 Nxe5 13. dxe5 O-O-O 14.
g3 Kb8 15. Bc4 e6 16. Ke2 Nb4 17. Rhd1 Nc6 18. Nf3 Bg7 19. Bb5 Nxe5 20. Nxe5
Bxe5 21. Rxd8+ Rxd8 22. Rd1 Rf8 23. b3 a6 24. Bc4 Kc7 25. a4 Bd6 26. f4 Kd7 27.
Rd2 Ke7 28. Kf3 h6 29. Re2 Rc8 30. Rc2 Rd8 31. Rd2 Rb8 32. Rc2 Rg8 33. h4 h5
34. Bd3 Rb8 35. Ke3 a5 36. Bb5 b6 37. Kf3 Rd8 38. Rc6 Bc5 39. Rc7+ Kf6 40. Rd7
Rb8 41. Ba6 Re8 42. Bb5 Rf8 43. Bc4 Bb4 44. Ba6 Ra8 45. Bb7 Re8 46. Ba6 Be7 47.
Bb7 Kg7 48. Ba6 Bb4 49. Bc4 Bc5 50. Ke4 Kf6 51. Kf3 Ra8 52. Ke4 Bb4 53. Kf3 Rc8
54. Ke4 Rc6 55. Kf3 Kg7 56. Ke4 Kf8 57. Kf3 Bd6 58. Ke4 Bc7 59. Kf3 Rc5 60. Ke4
Ke8 61. Rd3 Ke7 62. Kf3 Bd6 63. Ke4 Rc7 64. Kf3 Rc8 65. Re3 b5 66. Bxb5 Rc2 67.
Bc4 Bc5 68. Re2 Rc3+ 69. Kg2 Be3 70. Kf3 Bd4+ 71. Kg2 Kf6 72. Rd2 Be3 73. Rd3
Rc2+ 74. Kf1 Bc5 75. Rd7 Rf2+ 76. Ke1 Rf3 77. Rd3 Bf2+ 78. Ke2 Rxd3 79. Bxd3
Bxg3 80. Kf3 Be1 81. Ke2 Bb4 82. Kf2 Ke7 83. Bb5 Bd2 84. Kg3 Be1+ 85. Kh3 Kf6
86. Bd3 Bd2 87. Kg3 Be1+ 88. Kh3 e5 89. fxe5+ Kxe5 90. Bc4 Kf6 91. Bd5 Kg7 92.
Bc4 f6 93. Bd5 Kh6 94. Be6 g5 95. hxg5+ fxg5 96. Kg2 g4 97. Kf1 Bb4 98. Kg2 Kg5
99. Bd5 h4 100. Kh2 h3 101. Kg3 Bd6+ 102. Kf2 g3+ 103. Kf1 Kf4 0-1

[Event "41st Olympiad Open 2014"]
[Site "Tromso NOR"]
[Date "2014.08.09"]
[Round "7.2"]
[White "Mareco, Sandro"]
[Black "Lopez Azambuja, Nicolas"]
[Result "1-0"]
[WhiteElo "2574"]
[BlackElo "2255"]
[PlyCount "143"]
[EventDate "2014.08.02"]

1. Nf3 Nf6 2. c4 e6 3. g3 d5 4. Bg2 Be7 5. O-O O-O 6. d4 c6 7. b3 b6 8. Qc2 Bb7
9. Nc3 Na6 10. Rd1 Rc8 11. e4 c5 12. exd5 exd5 13. Qf5 dxc4 14. d5 Ne8 15. Ne5
Nd6 16. Qf3 Bf6 17. Bf4 Nb4 18. Nxc4 Nxc4 19. bxc4 Nc2 20. Rac1 Nd4 21. Qd3 Qd7
22. Ne4 Qf5 23. h3 g6 24. Bd6 Bg7 25. Bxf8 Rxf8 26. Re1 Qd7 27. Nc3 h5 28. h4
Bc8 29. Ne2 Qd6 30. Nxd4 Bxd4 31. Rc2 Bf5 32. Be4 Bg4 33. Kg2 Kg7 34. Rcc1 Bc8
35. Re2 Qd7 36. Rce1 Qd6 37. Bf3 Bd7 38. Qa3 Ra8 39. Qb3 Rb8 40. Qa3 Ra8 41.
Qc1 Rd8 42. Qd2 Bf6 43. Qc1 Rb8 44. Re4 Rh8 45. R1e2 Rd8 46. Qf4 Bf5 47. Qxd6
Rxd6 48. R4e3 Rd7 49. Be4 Bxe4+ 50. Rxe4 b5 51. cxb5 Rxd5 52. a4 Rd3 53. Rc4
Bd4 54. f3 Kf8 55. g4 Rb3 56. gxh5 gxh5 57. Kg3 a6 58. bxa6 Rb6 59. a7 Ra6 60.
Kf4 Rxa7 61. Kg5 Ra6 62. Kxh5 Rg6 63. f4 Rg1 64. Ra2 Rg6 65. f5 Ra6 66. Re2 Kg7
67. Re8 Kf6 68. Kg4 Rb6 69. h5 Rb1 70. a5 Rg1+ 71. Kf3 Kxf5 72. Ra4 1-0

[Event "41st Olympiad Open 2014"]
[Site "Tromso NOR"]
[Date "2014.08.09"]
[Round "7.3"]
[White "Roselli Mailhe, Bernardo"]
[Black "Felgaer, Ruben"]
[Result "1/2-1/2"]
[WhiteElo "2425"]
[BlackElo "2564"]
[PlyCount "100"]
[EventDate "2014.08.02"]

1. d4 d5 2. c4 c6 3. Nf3 Nf6 4. e3 Bf5 5. Nc3 e6 6. Nh4 Bg6 7. Nxg6 hxg6 8. Qb3
Qb6 9. Bd2 Nbd7 10. Be2 Be7 11. Rc1 Rd8 12. g3 O-O 13. O-O dxc4 14. Bxc4 e5 15.
Qc2 exd4 16. Na4 d3 17. Nxb6 dxc2 18. Nxd7 Rxd7 19. Rxc2 Ne4 20. Bc1 Rfd8 21.
Be2 Nd2 22. Rd1 Nf3+ 23. Bxf3 Rxd1+ 24. Bxd1 Rxd1+ 25. Kg2 f5 26. h4 Kf7 27.
Kf3 Ke6 28. e4 a6 29. Be3 Bf6 30. exf5+ gxf5 31. Re2 Kf7 32. Kf4 g6 33. b3 Bg7
34. Kf3 Rd5 35. Bg5 Be5 36. Rd2 Rxd2 37. Bxd2 Bf6 38. Ke2 Ke6 39. Kd3 Kd5 40.
a4 b5 41. axb5 axb5 42. f3 c5 43. Be1 c4+ 44. bxc4+ bxc4+ 45. Kc2 Bd8 46. g4
fxg4 47. fxg4 Ke4 48. h5 gxh5 49. gxh5 Kf5 50. Bd2 Bg5 1/2-1/2

[Event "41st Olympiad Open 2014"]
[Site "Tromso NOR"]
[Date "2014.08.09"]
[Round "7.4"]
[White "Flores, Diego"]
[Black "Muniz, Rafael"]
[Result "1-0"]
[WhiteElo "2562"]
[BlackElo "2272"]
[PlyCount "88"]
[EventDate "2014.08.02"]

1. Nf3 c5 2. c4 Nf6 3. g3 e6 4. Bg2 Be7 5. O-O O-O 6. d4 cxd4 7. Nxd4 a6 8. Nc3
d6 9. b3 Qc7 10. Bb2 Nbd7 11. Rc1 Ne5 12. Qd2 Bd7 13. Rfd1 Rac8 14. f4 Ng6 15.
e3 Qb8 16. a4 Rfd8 17. h3 e5 18. Nde2 b5 19. axb5 axb5 20. Nd5 bxc4 21. bxc4
Nxd5 22. cxd5 Qb3 23. Bc3 Bf6 24. Rb1 Qa4 25. Kh2 Rc4 26. Ra1 Qb5 27. e4 Rdc8
28. f5 Ne7 29. Rdb1 Qc5 30. Rb7 Be8 31. Rc1 Qf2 32. Bb4 Rxe4 33. Rxe7 Rxe2 34.
Qxe2 Qxe2 35. Rxc8 g6 36. Bxd6 gxf5 37. Rcxe8+ Kg7 38. Bxe5 Qd2 39. Bxf6+ Kxf6
40. Re2 Qd4 41. Re1 h5 42. h4 Qd2 43. R8e2 Qd3 44. Rf2 Kg7 1-0